[Event "CZE-chT 2223"]
[Site "Czech Republic"]
[Date "2023.03.25"]
[Round "10.5"]
[White "Bures, Jaroslav"]
[Black "Oresky, Jan"]
[Result "1-0"]
[WhiteElo "2419"]
[BlackElo "2254"]
[PlyCount "87"]
[EventDate "2022.10.15"]
[EventType "team-tourn"]
[EventRounds "11"]
[EventCountry "CZE"]
[SourceTitle "CBM 213 Extra"]
[Source "ChessBase"]
[SourceDate "2023.05.31"]
[SourceVersion "1"]
[SourceVersionDate "2023.05.31"]
[SourceQuality "1"]
[WhiteTeam "Frydek Mistek"]
[BlackTeam "Oaza Loznice.cz"]
[WhiteTeamCountry "CZE"]
[BlackTeamCountry "CZE"]

1. d4 Nf6 2. c4 e6 3. Nc3 Bb4 4. e3 0-0 5. Bd2 d5 6. Nf3 b6 7. cxd5 exd5 8. Rc1 Re8 9. Bd3 c5 10. 0-0 c4 11. Bb1 a6 12. Ne5 Bb7 13. f4 Nc6 14. Be1 Qd6 15. Bh4 Bxc3 16. Rxc3 b5 17. Bxf6 Qxf6 18. Qh5 g6 19. Ng4 Qe7 20. Qxd5 h5 21. Nh6+ Kg7 22. Qg5 Qxg5 23. fxg5 f5 24. d5 Ne5 25. e4 fxe4 26. Bxe4 Rad8 27. Re3 Rf8 28. Rxf8 Kxf8 29. d6 Bc8 30. Bc2 Re8 31. Kf2 Bd7 32. Kg3 Kg7 33. Kf4 Nc6 34. Rxe8 Bxe8 35. h4 Bd7 36. Be4 Nd4 37. Ke3 Ne6 38. g4 Nc5 39. gxh5 gxh5 40. Bf5 Bxf5 41. Nxf5+ Kg6 42. Kd4 Nd7 43. Ng3 Kf7 44. Nxh5 1-0

[Event "CZE-chT 2223"]
[Site "Czech Republic"]
[Date "2022.12.03"]
[Round "3.3"]
[White "Oresky, Jan"]
[Black "Nemec, Jachym"]
[Result "1/2-1/2"]
[WhiteElo "2254"]
[BlackElo "2345"]
[PlyCount "99"]
[EventDate "2022.10.15"]
[EventType "team-tourn"]
[EventRounds "11"]
[EventCountry "CZE"]
[SourceTitle "CBM 213 Extra"]
[Source "ChessBase"]
[SourceDate "2023.05.31"]
[SourceVersion "1"]
[SourceVersionDate "2023.05.31"]
[SourceQuality "1"]
[WhiteTeam "Oaza Loznice.cz"]
[BlackTeam "Brno Moravska Slavia"]
[WhiteTeamCountry "CZE"]
[BlackTeamCountry "CZE"]

1. e4 c5 2. Nf3 d6 3. d4 cxd4 4. Nxd4 Nf6 5. Nc3 a6 6. Bg5 e6 7. f4 h6 8. Bh4 Qb6 9. a3 Nc6 10. Bf2 Qc7 11. Be2 Be7 12. Bf3 Nxd4 13. Qxd4 e5 14. fxe5 dxe5 15. Qb6 Qxb6 16. Bxb6 Be6 17. 0-0-0 Rc8 18. Rhe1 Rxc3 19. bxc3 0-0 20. Kb2 Rc8 21. h3 g6 22. Rd3 Kg7 23. Red1 Rc4 24. Bd8 Bxd8 25. Rxd8 Nxe4 26. Re1 Nxc3 27. Rxe5 b5 28. Rd6 Na4+ 29. Kb1 Kf6 30. Re3 a5 31. Be2 Nc3+ 32. Kb2 Nxe2 33. Rxe2 Rc5 34. c3 h5 35. Ra6 a4 36. Rd6 Rg5 37. Rd4 Bc4 38. Rf2+ Kg7 39. Kc2 Re5 40. Kd2 Kg8 41. h4 Kg7 42. Rd6 Kg8 43. Rd4 Kf8 44. g4 hxg4 45. Rxg4 Rd5+ 46. Rd4 Re5 47. Rg4 Rd5+ 48. Rd4 Re5 49. Rg4 Rd5+ 50. Rd4 1/2-1/2

[Event "CZE-chT1W 2122"]
[Site "Czech Republic"]
[Date "2022.01.09"]
[Round "6.2"]
[White "Postupa, Pavel1111"]
[Black "Oresky, Jan"]
[Result "1/2-1/2"]
[WhiteElo "2253"]
[BlackElo "2245"]
[PlyCount "31"]
[EventDate "2021.10.10"]
[EventType "team-tourn"]
[EventRounds "11"]
[EventCountry "CZE"]
[SourceTitle "EXT 2023"]
[Source "ChessBase"]
[SourceDate "2022.10.05"]
[SourceVersion "1"]
[SourceVersionDate "2022.10.05"]
[SourceQuality "1"]
[WhiteTeam "Pankrac"]
[BlackTeam "Praha Oaza"]
[WhiteTeamCountry "CZE"]
[BlackTeamCountry "CZE"]

1. e4 c5 2. Nf3 d6 3. Bb5+ Nd7 4. 0-0 a6 5. Bd3 Ngf6 6. c3 e5 7. Bc2 Be7 8. d4 cxd4 9. cxd4 0-0 10. Nc3 exd4 11. Nxd4 Ne5 12. h3 Re8 13. Re1 h6 14. Bb3 Bf8 15. Bf4 Bd7 16. Qd2 1/2-1/2

[Event "CZE-ch Betsys Online Blitz"]
[Site "Chess.com INT"]
[Date "2021.04.17"]
[Round "2"]
[White "Oresky, Jan"]
[Black "Plasek, Zdenek"]
[Result "1-0"]
[WhiteElo "2245"]
[BlackElo "1957"]
[PlyCount "43"]
[EventDate "2021.04.17"]
[EventType "swiss (blitz)"]
[EventRounds "13"]
[EventCountry "CZE"]
[SourceTitle "CBM 201 Extra"]
[Source "ChessBase"]
[SourceDate "2021.05.31"]
[SourceVersion "1"]
[SourceVersionDate "2021.05.31"]
[SourceQuality "1"]

1. e4 c5 2. Nf3 d6 3. d4 cxd4 4. Nxd4 Nf6 5. Nc3 a6 6. Bg5 e6 7. f4 Nbd7 8. Qf3 Qc7 9. 0-0-0 b5 10. Bxb5 axb5 11. Ndxb5 Qb6 12. e5 Bb7 13. Qe2 Nd5 14. Nxd5 Bxd5 15. Rxd5 exd5 16. exd6+ Ne5 17. Nc7+ Kd7 18. Nxa8 Qxd6 19. fxe5 Qc6 20. Qg4+ Ke8 21. Nb6 Qxb6 22. Qc8+ 1-0

[Event "CZE-chT1W 1718"]
[Site "Czech Republic"]
[Date "2018.04.15"]
[Round "11.2"]
[White "Jezbera, Jiri"]
[Black "Oresky, Jan"]
[Result "1/2-1/2"]
[WhiteElo "2100"]
[BlackElo "2201"]
[PlyCount "36"]
[EventDate "2017.10.29"]
[EventType "team-tourn"]
[EventRounds "11"]
[EventCountry "CZE"]
[SourceTitle "EXT 2019"]
[Source "ChessBase"]
[SourceDate "2018.10.10"]
[SourceVersion "1"]
[SourceVersionDate "2018.10.10"]
[SourceQuality "1"]
[WhiteTeam "Hradec Kralove Slavia"]
[BlackTeam "Praha Oaza"]
[WhiteTeamCountry "CZE"]
[BlackTeamCountry "CZE"]

1. e4 c5 2. Nc3 Nc6 3. f4 g6 4. Nf3 Bg7 5. Bc4 e6 6. 0-0 Nge7 7. e5 d5 8. exd6 Nf5 9. Ne4 Nxd6 10. Nxd6+ Qxd6 11. d3 Nd4 12. c3 Nxf3+ 13. Qxf3 0-0 14. Be3 Rb8 15. Qf2 b6 16. Rad1 Bb7 17. d4 cxd4 18. Bxd4 Bxd4 1/2-1/2

[Event "CZE-chT1W 1516"]
[Site "Czech Republic"]
[Date "2016.01.17"]
[Round "6.6"]
[White "Kratky, Jiri"]
[Black "Oresky, Jan"]
[Result "1/2-1/2"]
[WhiteElo "2165"]
[BlackElo "2166"]
[PlyCount "96"]
[EventDate "2015.10.11"]
[EventType "team-tourn"]
[EventRounds "11"]
[EventCountry "CZE"]
[SourceTitle "CBM 170 Extra"]
[Source "ChessBase"]
[SourceDate "2016.02.25"]
[SourceVersion "1"]
[SourceVersionDate "2016.02.25"]
[SourceQuality "1"]
[WhiteTeam "Praha Grop"]
[BlackTeam "Novoborsky II"]
[WhiteTeamCountry "CZE"]
[BlackTeamCountry "CZE"]

1. d4 Nf6 2. c4 g6 3. Nc3 Bg7 4. e4 0-0 5. Nf3 d6 6. Be2 e5 7. d5 Nh5 8. g3 f5 9. exf5 gxf5 10. Nxe5 Nxg3 11. hxg3 dxe5 12. Bh6 Nd7 13. Bxg7 Kxg7 14. Qd2 Kh8 15. 0-0-0 Rf7 16. Rh4 Nf8 17. Rdh1 Rg7 18. Kb1 Bd7 19. Qc2 Qe7 20. Bh5 a5 21. Qe2 Qf6 22. Bf3 e4 23. Bg2 a4 24. f3 exf3 25. Qxf3 Re8 26. g4 Qg6 27. Rh6 fxg4+ 28. Rxg6 gxf3 29. Rxg7 Kxg7 30. Bxf3 Ng6 31. Be4 Rf8 32. d6 cxd6 33. Bxb7 Rf4 34. Be4 a3 35. bxa3 Bf5 36. Bxf5 Rxf5 37. Ne4 Ra5 38. Nxd6 Rxa3 39. Kb2 Ra6 40. c5 Ne5 41. Nf5+ Kg8 42. Rd1 Ra5 43. Rd5 Rxc5 44. Rxc5 Nd3+ 45. Kc3 Nxc5 46. Kc4 Na4 47. Kb4 Nb2 48. Kb3 Nd3 1/2-1/2

[Event "CZE-chT1W 1415"]
[Site "Czech Republic"]
[Date "2015.03.22"]
[Round "10.8"]
[White "Pokorny, Petr"]
[Black "Oresky, Jan"]
[Result "1/2-1/2"]
[WhiteElo "2138"]
[BlackElo "2148"]
[PlyCount "39"]
[EventDate "2014.10.19"]
[EventType "team-tourn"]
[EventRounds "11"]
[EventCountry "CZE"]
[SourceTitle "EXT 2016"]
[Source "ChessBase"]
[SourceDate "2015.10.08"]
[SourceVersion "1"]
[SourceVersionDate "2015.10.08"]
[SourceQuality "1"]
[WhiteTeam "Unichess"]
[BlackTeam "Novoborsky II"]
[WhiteTeamCountry "CZE"]
[BlackTeamCountry "CZE"]

1. d4 Nf6 2. Nf3 g6 3. Bf4 Bg7 4. e3 0-0 5. Nbd2 d6 6. Bc4 Nbd7 7. c3 Rb8 8. a4 Qe8 9. 0-0 e5 10. dxe5 dxe5 11. Bg5 Nc5 12. Bxf6 Bxf6 13. b4 Ne6 14. Qb3 Qe7 15. Rfd1 Ng7 16. Ne4 Bg4 17. Be2 Be6 18. Bc4 Bg4 19. Be2 Be6 20. Bc4 1/2-1/2

[Event "CZE-chT1W 1415"]
[Site "Czech Republic"]
[Date "2015.02.01"]
[Round "7.6"]
[White "Oresky, Jan"]
[Black "Vojta, Pavel"]
[Result "1-0"]
[WhiteElo "2148"]
[BlackElo "2203"]
[PlyCount "83"]
[EventDate "2014.10.19"]
[EventType "team-tourn"]
[EventRounds "11"]
[EventCountry "CZE"]
[SourceTitle "EXT 2016"]
[Source "ChessBase"]
[SourceDate "2015.10.08"]
[SourceVersion "1"]
[SourceVersionDate "2015.10.08"]
[SourceQuality "1"]
[WhiteTeam "Novoborsky II"]
[BlackTeam "Vlasim"]
[WhiteTeamCountry "CZE"]
[BlackTeamCountry "CZE"]

1. e4 c5 2. Nf3 Nc6 3. d4 cxd4 4. Nxd4 d6 5. Nc3 Nf6 6. Bg5 e6 7. Qd2 a6 8. 0-0-0 Qa5 9. f4 Nxd4 10. Qxd4 e5 11. Qd2 Be6 12. Bxf6 gxf6 13. Kb1 Rc8 14. f5 Rxc3 15. fxe6 Rc5 16. exf7+ Kxf7 17. Bc4+ Ke8 18. Qe2 h5 19. Rhf1 Qc7 20. Bb3 Qg7 21. Qf2 Be7 22. Ba4+ b5 23. Bb3 Qg4 24. Bd5 Qc8 25. Qe2 a5 26. Rf5 Kd8 27. Rxh5 Rxh5 28. Qxh5 Rxc2 29. Qh8+ Kd7 30. Qh3+ Kd8 31. Qh8+ Kd7 32. Qh3+ Kd8 33. Be6 Qc5 34. Qh8+ Kc7 35. Qc8+ Kb6 36. Qb8+ Ka6 37. Qa8+ Kb6 38. Qb8+ Ka6 39. Bd5 Qc7 40. Qb7+ Qxb7 41. Bxb7+ Kxb7 42. Kxc2 1-0

[Event "CZE-chT2C 1415"]
[Site "Czech Republic"]
[Date "2015.01.11"]
[Round "5.3"]
[White "Oresky, Jan"]
[Black "Chmiel, Pavel"]
[Result "1-0"]
[WhiteElo "2148"]
[BlackElo "2235"]
[PlyCount "49"]
[EventDate "2014.11.02"]
[EventType "team-tourn"]
[EventRounds "11"]
[EventCountry "CZE"]
[SourceTitle "EXT 2022"]
[Source "ChessBase"]
[SourceDate "2021.10.06"]
[SourceVersion "1"]
[SourceVersionDate "2021.10.06"]
[SourceQuality "1"]
[WhiteTeam "Praha Oaza"]
[BlackTeam "Kolin"]
[WhiteTeamCountry "CZE"]
[BlackTeamCountry "CZE"]

1. e4 c5 2. Nf3 d6 3. d4 cxd4 4. Nxd4 Nf6 5. Nc3 a6 6. Bg5 e6 7. f4 b5 8. e5 dxe5 9. fxe5 Qc7 10. Qe2 Nfd7 11. 0-0-0 Bb7 12. Nxe6 fxe6 13. Qg4 Qxe5 14. Bd3 Be7 15. Bxe7 Kxe7 16. Rhe1 h5 17. Qb4+ Qc5 18. Qh4+ g5 19. Qg3 Rh6 20. Be4 Ra7 21. Bxb7 Rxb7 22. Nd5+ Kf7 23. b4 Qxd5 24. Rxd5 exd5 25. Qxg5 1-0

[Event "CZE-chT2C 1415"]
[Site "Czech Republic"]
[Date "2014.11.30"]
[Round "3.4"]
[White "Boukal, Petr"]
[Black "Oresky, Jan"]
[Result "0-1"]
[WhiteElo "2212"]
[BlackElo "2148"]
[PlyCount "108"]
[EventDate "2014.11.02"]
[EventType "team-tourn"]
[EventRounds "11"]
[EventCountry "CZE"]
[SourceTitle "EXT 2022"]
[Source "ChessBase"]
[SourceDate "2021.10.06"]
[SourceVersion "1"]
[SourceVersionDate "2021.10.06"]
[SourceQuality "1"]
[WhiteTeam "Vysehrad II"]
[BlackTeam "Praha Oaza"]
[WhiteTeamCountry "CZE"]
[BlackTeamCountry "CZE"]

1. e4 c5 2. Nf3 d6 3. c3 Nf6 4. Bd3 g6 5. Bc2 Bg7 6. 0-0 Nc6 7. d4 cxd4 8. cxd4 Bg4 9. d5 Ne5 10. Nbd2 0-0 11. h3 Nxf3+ 12. Nxf3 Bxf3 13. Qxf3 Nd7 14. Rb1 Qc7 15. Bb3 Nc5 16. Bd1 b5 17. Qe3 Qb6 18. Bd2 b4 19. Bg4 Rfb8 20. Qe2 Rb7 21. Be3 Rc7 22. f4 Qa5 23. Bf3 Qxa2 24. e5 Qb3 25. Rfc1 Rac8 26. Bg4 Rd8 27. Rc4 a5 28. Rbc1 a4 29. Qd2 Rb7 30. exd6 exd6 31. Qf2 a3 32. bxa3 bxa3 33. Bd1 Qd3 34. Be2 Qf5 35. Bg4 Qd3 36. Be2 Qb3 37. f5 Bb2 38. Bd1 Qb6 39. fxg6 hxg6 40. Bd4 Bxd4 41. Qxd4 Qb2 42. Qh4 Re8 43. R4c2 Qb6 44. Kh2 Rbe7 45. Bf3 Re3 46. Qf6 Nd7 47. Qa1 Ne5 48. Bd1 Re1 49. Rc3 Qg1+ 50. Kg3 Re3+ 51. Rxe3 Qxe3+ 52. Kh2 Qf4+ 53. Kg1 Nd3 54. Ba4 Qxc1+ 0-1

[Event "CZE-chT1W 1415"]
[Site "Czech Republic"]
[Date "2014.11.23"]
[Round "3.7"]
[White "Klecker, Tadeas"]
[Black "Oresky, Jan"]
[Result "1-0"]
[WhiteElo "2222"]
[BlackElo "2148"]
[PlyCount "103"]
[EventDate "2014.10.19"]
[EventType "team-tourn"]
[EventRounds "11"]
[EventCountry "CZE"]
[SourceTitle "CBM 163 Extra"]
[Source "ChessBase"]
[SourceDate "2014.12.23"]
[SourceVersion "1"]
[SourceVersionDate "2014.12.23"]
[SourceQuality "1"]
[WhiteTeam "Praha Pankrac"]
[BlackTeam "Novoborsky II"]
[WhiteTeamCountry "CZE"]
[BlackTeamCountry "CZE"]

1. d4 Nf6 2. c4 g6 3. Nc3 d5 4. cxd5 Nxd5 5. e4 Nxc3 6. bxc3 Bg7 7. Nf3 c5 8. Rb1 0-0 9. Be2 Nc6 10. d5 Na5 11. c4 e6 12. Bd2 exd5 13. exd5 b6 14. Bxa5 bxa5 15. 0-0 Bf5 16. Bd3 Bd7 17. h3 Rb8 18. Qd2 a4 19. Qf4 Rb2 20. Qd6 Qc8 21. Rxb2 Bxb2 22. Ne5 Rd8 23. Qe7 Be8 24. Re1 Qb8 25. Nc6 Bxc6 26. dxc6 Rc8 27. Qd7 Bf6 28. Rb1 Qc7 29. Rb7 Qxd7 30. cxd7 Rd8 31. Rxa7 Kf8 32. Bc2 a3 33. Ba4 Ke7 34. Bb5 Bb2 35. Rc7 Bd4 36. Rc8 f5 37. Kf1 h5 38. Ke2 h4 39. f3 g5 40. Kd3 Bf2 41. Kc2 Be3 42. Kb3 Bd2 43. Rxc5 Ke6 44. Kxa3 Ba5 45. Ka4 Bc3 46. Kb3 Bf6 47. a4 g4 48. hxg4 fxg4 49. fxg4 Rg8 50. Rc8 Bd8 51. a5 Ke7 52. a6 1-0

[Event "CZE-chT2B 1314"]
[Site "Czech Republic"]
[Date "2014.02.16"]
[Round "8.1"]
[White "Oresky, Jan"]
[Black "Docekal, Jan"]
[Result "0-1"]
[WhiteElo "2191"]
[BlackElo "2282"]
[PlyCount "90"]
[EventDate "2013.11.03"]
[EventType "team-tourn"]
[EventRounds "11"]
[EventCountry "CZE"]
[SourceTitle "EXT 2015"]
[Source "ChessBase"]
[SourceDate "2014.11.20"]
[SourceVersion "1"]
[SourceVersionDate "2014.11.20"]
[SourceQuality "1"]
[WhiteTeam "Novoborsky III"]
[BlackTeam "Vysehrad"]
[WhiteTeamCountry "CZE"]
[BlackTeamCountry "CZE"]

1. e4 c5 2. Nf3 d6 3. d4 cxd4 4. Nxd4 Nf6 5. Nc3 a6 6. Bg5 e6 7. f4 Be7 8. Qf3 Nbd7 9. 0-0-0 Qc7 10. g4 h6 11. Bh4 g5 12. Bg3 gxf4 13. Bxf4 e5 14. Nf5 exf4 15. Nxe7 Kxe7 16. Qxf4 Nb6 17. Be2 Be6 18. Rxd6 Nfd5 19. exd5 Qxd6 20. Qxd6+ Kxd6 21. dxe6 fxe6 22. Bf3 Rab8 23. b3 Rhf8 24. Rd1+ Ke7 25. Rd3 Nd7 26. Re3 b5 27. Bd5 Rf1+ 28. Kb2 Nf8 29. b4 Rf4 30. Bb3 Rxg4 31. h3 Rd4 32. a3 Rbd8 33. Ne4 Rd1 34. a4 Rf1 35. Nc5 Rd6 36. axb5 axb5 37. Nd3 Nd7 38. Re4 Nf6 39. Rh4 h5 40. Nc5 e5 41. c4 Rf4 42. Rxf4 exf4 43. cxb5 f3 44. Kc3 f2 45. Bc4 Nd5+ 0-1

[Event "CZE-chT1W 1314"]
[Site "Czech Republic"]
[Date "2014.02.09"]
[Round "7.8"]
[White "Oresky, Jan"]
[Black "Zima, Jan"]
[Result "1-0"]
[WhiteElo "2191"]
[BlackElo "1907"]
[PlyCount "47"]
[EventDate "2013.10.20"]
[EventType "team-tourn"]
[EventRounds "11"]
[EventCountry "CZE"]
[SourceTitle "EXT 2015"]
[Source "ChessBase"]
[SourceDate "2014.11.20"]
[SourceVersion "1"]
[SourceVersionDate "2014.11.20"]
[SourceQuality "1"]
[WhiteTeam "Novoborsky II"]
[BlackTeam "Turnov Zikuda II"]
[WhiteTeamCountry "CZE"]
[BlackTeamCountry "CZE"]

1. e4 c5 2. Nf3 d6 3. d4 cxd4 4. Nxd4 Nf6 5. Nc3 a6 6. Bg5 e6 7. f4 Qc7 8. Qf3 b5 9. 0-0-0 b4 10. Nce2 Nbd7 11. Ng3 Bb7 12. Bd3 Be7 13. Nh5 Nxh5 14. Bxe7 Nhf6 15. Bxf6 Nxf6 16. g4 d5 17. e5 Ne4 18. Bxe4 dxe4 19. Qb3 Qc5 20. Qa4+ Kf8 21. f5 Bd5 22. fxe6 fxe6 23. Qd7 h6 24. Nxe6+ 1-0

[Event "CZE-chT2B 1314"]
[Site "Czech Republic"]
[Date "2014.01.05"]
[Round "5.1"]
[White "Oresky, Jan"]
[Black "Pribyl, Josef"]
[Result "1/2-1/2"]
[WhiteElo "2191"]
[BlackElo "2308"]
[PlyCount "58"]
[EventDate "2013.11.03"]
[EventType "team-tourn"]
[EventRounds "11"]
[EventCountry "CZE"]
[SourceTitle "EXT 2015"]
[Source "ChessBase"]
[SourceDate "2014.11.20"]
[SourceVersion "1"]
[SourceVersionDate "2014.11.20"]
[SourceQuality "1"]
[WhiteTeam "Novoborsky III"]
[BlackTeam "Neratovice"]
[WhiteTeamCountry "CZE"]
[BlackTeamCountry "CZE"]

1. e4 d6 2. d4 Nf6 3. Nc3 e5 4. Nf3 Nbd7 5. Bc4 Be7 6. 0-0 0-0 7. Re1 c6 8. a4 b6 9. b3 a6 10. Bb2 Bb7 11. Bd3 Re8 12. Ne2 Bf8 13. Ng3 g6 14. h4 Bg7 15. dxe5 dxe5 16. h5 b5 17. hxg6 hxg6 18. Ra2 Qc7 19. Qa1 Ng4 20. Bc3 Bf8 21. axb5 cxb5 22. Ba5 Qc6 23. b4 Nb6 24. Nd2 Bc8 25. c4 Nxc4 26. Nxc4 bxc4 27. Bc2 Bd7 28. Rd1 Qb7 29. Qc3 Nf6 1/2-1/2